[Event "Avoine op 27th"]
[Site "Avoine"]
[Date "2012.07.28"]
[Round "8"]
[White "David, Vincent"]
[Black "Niepceron, Hugo"]
[Result "1-0"]
[WhiteElo "2392"]
[BlackElo "1524"]
[PlyCount "61"]
[EventDate "2012.07.21"]
[EventType "swiss"]
[EventRounds "9"]
[EventCountry "FRA"]
[SourceTitle "CBM 149 Extra"]
[Source "ChessBase"]
[SourceDate "2012.08.24"]
[SourceVersion "1"]
[SourceVersionDate "2012.08.24"]
[SourceQuality "1"]

1. e4 c5 2. Nf3 Nc6 3. Bb5 a6 4. Bxc6 bxc6 5. h3 d6 6. 0-0 e6 7. e5 d5 8. d3 h6 9. c4 Ne7 10. Nc3 Ng6 11. b3 Be7 12. Na4 d4 13. Qe1 0-0 14. Ba3 a5 15. Nd2 f6 16. exf6 Rxf6 17. Bxc5 Nf4 18. Bxe7 Qxe7 19. Nb6 Rb8 20. Nxc8 Rxc8 21. Qe4 Rff8 22. Kh1 Qd6 23. Rae1 Kh8 24. g3 Nxh3 25. f4 g5 26. Qg2 g4 27. Ne4 Rf5 28. Nxd6 Rh5 29. Qxc6 Ng5+ 30. Kg2 Nf3 31. Rxf3 1-0

[Event "Avoine op 27th"]
[Site "Avoine"]
[Date "2012.07.25"]
[Round "5"]
[White "Bon, Michael"]
[Black "David, Vincent"]
[Result "1-0"]
[WhiteElo "2304"]
[BlackElo "2392"]
[PlyCount "85"]
[EventDate "2012.07.21"]
[EventType "swiss"]
[EventRounds "9"]
[EventCountry "FRA"]
[SourceTitle "CBM 149 Extra"]
[Source "ChessBase"]
[SourceDate "2012.08.24"]
[SourceVersion "1"]
[SourceVersionDate "2012.08.24"]
[SourceQuality "1"]

1. e4 e6 2. d4 d5 3. e5 c5 4. c3 Nc6 5. Nf3 Qb6 6. a3 c4 7. Nbd2 f6 8. g3 fxe5 9. Nxe5 Nxe5 10. dxe5 Bc5 11. Qh5+ g6 12. Qe2 Ne7 13. Bh3 Bd7 14. Nf3 h6 15. Be3 Bxe3 16. fxe3 Nf5 17. Nd4 0-0-0 18. 0-0-0 Qc7 19. e4 Nxd4 20. cxd4 dxe4 21. Qxe4 Kb8 22. Qc2 Rhf8 23. Rhf1 g5 24. Kb1 h5 25. Rxf8 Rxf8 26. Rf1 Rd8 27. Rf7 Ba4 28. Qf2 Qb6 29. Rf8 g4 30. Bf1 Bb3 31. Bg2 Ba4 32. Kc1 a6 33. Qf6 Rxf8 34. Qxf8+ Kc7 35. Qe7+ Kc8 36. Qc5+ Qxc5 37. dxc5 Kc7 38. Kd2 Bc6 39. Bf1 Bd5 40. Kc3 Kc6 41. Kd4 c3 42. bxc3 Bb3 43. Bd3 1-0

[Event "Agneaux St Lo op 14th"]
[Site "Agneaux"]
[Date "2012.07.13"]
[Round "8"]
[White "David, Vincent"]
[Black "Bakalarz, Grazyna"]
[Result "1/2-1/2"]
[WhiteElo "2392"]
[BlackElo "1989"]
[PlyCount "106"]
[EventDate "2012.07.07"]
[EventType "swiss"]
[EventRounds "9"]
[EventCountry "FRA"]
[SourceTitle "EXT 2013"]
[Source "ChessBase"]
[SourceDate "2012.11.22"]
[SourceVersion "1"]
[SourceVersionDate "2012.11.22"]
[SourceQuality "1"]

1. d4 Nf6 2. Nf3 g6 3. Bg5 Ne4 4. Bf4 Bg7 5. Nbd2 d5 6. c3 c5 7. e3 Nc6 8. Nxe4 dxe4 9. Ng5 cxd4 10. exd4 Qd5 11. Qb3 Qxb3 12. axb3 f5 13. Bc4 e5 14. dxe5 Bxe5 15. Be3 h6 16. Nf7 Rh7 17. Nxe5 Nxe5 18. Be2 a6 19. 0-0-0 Be6 20. Kc2 Rd8 21. Rxd8+ Kxd8 22. f3 exf3 23. gxf3 Bd5 24. Rf1 g5 25. c4 Bc6 26. f4 gxf4 27. Bxf4 Ng4 28. Bd3 Be4 29. Bxe4 fxe4 30. Re1 Nf6 31. Be5 Ke7 32. Kc3 Ke6 33. Bd4 Rd7 34. b4 h5 35. Rf1 Ng4 36. h3 Ne5 37. Rf4 Nf3 38. Bh8 Rd3+ 39. Kc2 Re3 40. Bc3 Ng5 41. Rf6+ Ke7 42. Rf5 Nxh3 43. Rxh5 Nf2 44. Rh7+ Ke6 45. Rh6+ Kd7 46. b5 axb5 47. cxb5 Re2+ 48. Kb3 Nd3 49. Kc4 Nxb2+ 50. Kd5 Nd3 51. Rh7+ Ke8 52. Rxb7 Nf4+ 53. Ke5 Nd3+ 1/2-1/2

[Event "Agneaux St Lo op 14th"]
[Site "Agneaux"]
[Date "2012.07.11"]
[Round "6"]
[White "David, Vincent"]
[Black "Devallee, Jeremie"]
[Result "1/2-1/2"]
[WhiteElo "2392"]
[BlackElo "2106"]
[PlyCount "99"]
[EventDate "2012.07.07"]
[EventType "swiss"]
[EventRounds "9"]
[EventCountry "FRA"]
[SourceTitle "EXT 2013"]
[Source "ChessBase"]
[SourceDate "2012.11.22"]
[SourceVersion "1"]
[SourceVersionDate "2012.11.22"]
[SourceQuality "1"]

1. d4 d5 2. c4 c6 3. Nc3 Nf6 4. Nf3 e6 5. e3 Be7 6. Bd3 0-0 7. 0-0 Nbd7 8. e4 dxe4 9. Nxe4 Nxe4 10. Bxe4 Nf6 11. Bc2 b6 12. Bg5 Bb7 13. Qe2 Qc7 14. Rfe1 Rfd8 15. Rad1 Rac8 16. a3 Ne8 17. Qe4 g6 18. Qh4 f6 19. Bf4 Bd6 20. Bxd6 Rxd6 21. c5 bxc5 22. dxc5 Rxd1 23. Rxd1 Rd8 24. Rxd8 Qxd8 25. Bb3 Qe7 26. Qc4 Nc7 27. h4 Nd5 28. Qc2 e5 29. Bxd5+ cxd5 30. c6 Bc8 31. b4 a6 32. Qb3 Qd6 33. b5 axb5 34. Qxb5 Qxa3 35. Qxd5+ Kg7 36. g3 Qe7 37. Nd2 Be6 38. Qa5 Qd6 39. Qc3 Qc7 40. Qc5 f5 41. Nc4 Bxc4 42. Qxc4 Kf6 43. Qd5 Ke7 44. Qc5+ Ke6 45. Kf1 e4 46. Ke1 e3 47. f4 Qd6 48. Qxe3+ Kd5 49. Qf3+ Kc5 50. Qe3+ 1/2-1/2

[Event "Agneaux St Lo op 14th"]
[Site "Agneaux"]
[Date "2012.07.10"]
[Round "4"]
[White "David, Vincent"]
[Black "Breahna, Radu"]
[Result "1/2-1/2"]
[WhiteElo "2392"]
[BlackElo "2275"]
[PlyCount "39"]
[EventDate "2012.07.07"]
[EventType "swiss"]
[EventRounds "9"]
[EventCountry "FRA"]
[SourceTitle "EXT 2013"]
[Source "ChessBase"]
[SourceDate "2012.11.22"]
[SourceVersion "1"]
[SourceVersionDate "2012.11.22"]
[SourceQuality "1"]

1. d4 Nf6 2. c4 e6 3. Nf3 d5 4. Nc3 c5 5. cxd5 Nxd5 6. e4 Nxc3 7. bxc3 cxd4 8. cxd4 Bb4+ 9. Bd2 Bxd2+ 10. Qxd2 0-0 11. Bc4 Nd7 12. 0-0 Nf6 13. Rfe1 b6 14. Rad1 Bb7 15. Qf4 Rc8 16. Bb3 Qc7 17. Qh4 Rfd8 18. h3 h6 19. Rd3 b5 20. Ne5 1/2-1/2

[Event "Agneaux St Lo op 14th"]
[Site "Agneaux"]
[Date "2012.07.08"]
[Round "2"]
[White "David, Vincent"]
[Black "Auvray, Simon"]
[Result "1-0"]
[WhiteElo "2392"]
[BlackElo "2050"]
[PlyCount "65"]
[EventDate "2012.07.07"]
[EventType "swiss"]
[EventRounds "9"]
[EventCountry "FRA"]
[SourceTitle "EXT 2013"]
[Source "ChessBase"]
[SourceDate "2012.11.22"]
[SourceVersion "1"]
[SourceVersionDate "2012.11.22"]
[SourceQuality "1"]

1. d4 Nf6 2. Nf3 c5 3. c4 g6 4. Nc3 Bg7 5. e4 cxd4 6. Nxd4 d6 7. Be2 Nc6 8. Be3 0-0 9. 0-0 Nxd4 10. Bxd4 Bd7 11. Qd2 Bc6 12. f3 a6 13. Rfd1 Qd7 14. Bf1 b5 15. c5 dxc5 16. Bxc5 Qc7 17. Qf2 Rfc8 18. Rac1 Nd7 19. Bxe7 Qb7 20. Bd6 Be5 21. b3 a5 22. Bxe5 Nxe5 23. Nd5 Rd8 24. Nf6+ Kg7 25. Rxd8 Rxd8 26. f4 Nd3 27. Bxd3 Rxd3 28. e5 a4 29. b4 Bd5 30. Ne8+ Kg8 31. Nd6 Qd7 32. h3 Rxh3 33. f5 1-0

[Event "Condom op-A 10th"]
[Site "Condom"]
[Date "2011.07.14"]
[Round "7"]
[White "David, Vincent"]
[Black "Cioara, Andrei Nestor"]
[Result "1-0"]
[WhiteElo "2386"]
[BlackElo "2430"]
[PlyCount "71"]
[EventDate "2011.07.09"]
[EventType "swiss"]
[EventRounds "9"]
[EventCountry "FRA"]
[SourceTitle "CBM 143 Extra"]
[Source "ChessBase"]
[SourceDate "2011.08.29"]
[SourceVersion "1"]
[SourceVersionDate "2011.08.29"]
[SourceQuality "1"]

1. d4 Nf6 2. c4 e6 3. Nf3 c5 4. d5 exd5 5. cxd5 d6 6. Nc3 g6 7. e4 a6 8. h3 Bg7 9. Bd3 0-0 10. 0-0 Re8 11. a4 c4 12. Bc2 Nbd7 13. Be3 Qc7 14. Bd4 b6 15. Re1 Rb8 16. Qd2 Ne5 17. Nxe5 dxe5 18. Be3 Bf8 19. b3 Bb4 20. Rec1 b5 21. axb5 axb5 22. Ra7 Qd6 23. bxc4 bxc4 24. Ba4 Bd7 25. Bxd7 Nxd7 26. Qa2 Rec8 27. Ra6 Qf8 28. Rc6 Ba3 29. Rb1 f5 30. Rxb8 Rxb8 31. d6 Bxd6 32. Qxc4+ Kh8 33. Qe6 f4 34. Ba7 Rb7 35. Rxd6 Rxa7 36. Rxd7 1-0

[Event "Condom op-A 10th"]
[Site "Condom"]
[Date "2011.07.13"]
[Round "6"]
[White "Verlinde, Tieme"]
[Black "David, Vincent"]
[Result "0-1"]
[WhiteElo "2207"]
[BlackElo "2386"]
[PlyCount "120"]
[EventDate "2011.07.09"]
[EventType "swiss"]
[EventRounds "9"]
[EventCountry "FRA"]
[SourceTitle "CBM 143 Extra"]
[Source "ChessBase"]
[SourceDate "2011.08.29"]
[SourceVersion "1"]
[SourceVersionDate "2011.08.29"]
[SourceQuality "1"]

1. e4 c5 2. Nf3 e6 3. d3 d5 4. Nbd2 Nc6 5. g3 Bd6 6. Bg2 Nge7 7. 0-0 0-0 8. c3 Qc7 9. Re1 Bd7 10. Qe2 f6 11. a3 Rac8 12. b4 b5 13. Bb2 c4 14. d4 Qb6 15. exd5 exd5 16. Nf1 f5 17. Ne5 Bxe5 18. dxe5 Be6 19. Rad1 f4 20. Bc1 fxg3 21. hxg3 d4 22. cxd4 Nxd4 23. Qe4 Rcd8 24. Be3 Nef5 25. Bg5 Rd7 26. g4 h6 27. gxf5 Bxf5 28. Qe3 hxg5 29. e6 Rd6 30. e7 Re8 31. Ng3 Bg6 32. Qxg5 Bf7 33. Be4 Re6 34. Bd5 Rxe1+ 35. Rxe1 Qf6 36. Qh5 Rxe7 37. Rxe7 Qxe7 38. Bxf7+ Qxf7 39. Qc5 Qd7 40. a4 Nb3 41. Qe5 bxa4 42. Nf5 a3 43. Qb8+ Kf7 44. Qe5 a2 45. Qxg7+ Ke6 46. Qg6+ Ke5 47. Qg3+ Kxf5 48. Qh3+ Kg6 49. Qxd7 a1Q+ 50. Kg2 Qd4 51. Qc6+ Kf5 52. Qc8+ Ke4 53. Qh3 Qg7+ 54. Kf1 Nd4 55. Qa3 Qg5 56. Qxa7 c3 57. Qh7+ Qf5 58. Qh4+ Kd3 59. Qg3+ Kc4 60. Qc7+ Kb3 0-1

[Event "Cap d'Agde CCAS op"]
[Site "Cap d'Agde"]
[Date "2010.10.27"]
[Round "5"]
[White "Delorme, Axel"]
[Black "David, Vincent"]
[Result "1/2-1/2"]
[WhiteElo "2475"]
[BlackElo "2421"]
[PlyCount "66"]
[EventDate "2010.10.23"]
[EventType "swiss"]
[EventRounds "7"]
[EventCountry "FRA"]
[SourceTitle "EXT 2012"]
[Source "ChessBase"]
[SourceDate "2011.11.24"]
[SourceVersion "1"]
[SourceVersionDate "2011.11.24"]
[SourceQuality "1"]

1. e4 e6 2. d4 d5 3. Nc3 dxe4 4. Nxe4 Nd7 5. Nf3 Ngf6 6. Nxf6+ Nxf6 7. Be3 Nd5 8. Bd2 c5 9. Bb5+ Bd7 10. Bxd7+ Qxd7 11. c4 Nb6 12. Rc1 Rc8 13. dxc5 Bxc5 14. b4 Be7 15. c5 Nd5 16. Ne5 Qc7 17. Qa4+ Kf8 18. Nd3 a6 19. 0-0 h5 20. Qb3 h4 21. h3 Rh5 22. a4 Rf5 23. b5 axb5 24. axb5 Kg8 25. Qa4 Qd8 26. Rfd1 b6 27. c6 Nc7 28. Be3 Rb8 29. Nc5 Qe8 30. Na6 Rc8 31. Nxc7 Rxc7 32. Qe4 Bc5 33. Bxc5 Rxc5 1/2-1/2

[Event "Avoine op 25th"]
[Site "Avoine"]
[Date "2010.07.21"]
[Round "5"]
[White "David, Vincent"]
[Black "Herdier, Goulwenn"]
[Result "1-0"]
[WhiteElo "2407"]
[BlackElo "2112"]
[PlyCount "135"]
[EventDate "2010.07.17"]
[EventType "swiss"]
[EventRounds "9"]
[EventCountry "FRA"]
[SourceTitle "EXT 2011"]
[Source "ChessBase"]
[SourceDate "2010.11.26"]
[SourceVersion "1"]
[SourceVersionDate "2010.11.26"]
[SourceQuality "1"]

1. d4 Nf6 2. c4 g6 3. Nf3 Bg7 4. g3 0-0 5. Bg2 d6 6. 0-0 c5 7. Nc3 Nc6 8. d5 Na5 9. Nd2 b6 10. Rb1 Ng4 11. Qc2 Rb8 12. b3 e6 13. dxe6 fxe6 14. Bb2 Nf6 15. Rbd1 Bb7 16. Bxb7 Rxb7 17. Nde4 Rd7 18. f3 d5 19. Nxf6+ Bxf6 20. cxd5 exd5 21. e4 dxe4 22. Nxe4 Bd4+ 23. Kg2 Bxb2 24. Rxd7 Qxd7 25. Qxb2 Qe7 26. Qc3 Nc6 27. a3 Ne5 28. b4 cxb4 29. axb4 Qe6 30. Qd4 Nc6 31. Qa1 Nxb4 32. Qxa7 Qa2+ 33. Qxa2+ Nxa2 34. Rb1 Rb8 35. Kf2 b5 36. Rb2 Nc1 37. Ke3 Rd8 38. Rxb5 Rd3+ 39. Kf4 Rb3 40. Rd5 Rb7 41. g4 h6 42. Rd6 Kg7 43. h4 Nb3 44. Rd5 Ra7 45. Ng3 Na5 46. h5 Rf7+ 47. Ke4 Re7+ 48. Kd3 Nc6 49. Rd6 Ne5+ 50. Kc2 Rc7+ 51. Kd1 Rd7 52. Rxd7+ Nxd7 53. Ke2 Ne5 54. Ke3 g5 55. Ke4 Nc4 56. Nf5+ Kh7 57. Kd5 Nd2 58. Nd4 Kg7 59. Ke6 Nc4 60. Nf5+ Kh7 61. Kf6 Nd2 62. Nd4 Nc4 63. Nc6 Nd2 64. Ne5 Nb3 65. Kf7 Nd4 66. Nd7 Nxf3 67. Nf6+ Kh8 68. Kg6 1-0

[Event "Angers op 5th"]
[Site "Angers"]
[Date "2010.04.23"]
[Round "1"]
[White "David, Vincent"]
[Black "Pascal, Jonathan"]
[Result "1-0"]
[WhiteElo "2418"]
[BlackElo "1882"]
[PlyCount "53"]
[EventDate "2010.04.23"]
[EventType "swiss"]
[EventRounds "6"]
[EventCountry "FRA"]
[SourceTitle "EXT 2011"]
[Source "ChessBase"]
[SourceDate "2010.11.26"]
[SourceVersion "1"]
[SourceVersionDate "2010.11.26"]
[SourceQuality "1"]

1. d4 c5 2. d5 f5 3. g3 Nf6 4. Bg2 g6 5. Nc3 d6 6. Nh3 Na6 7. 0-0 Bg7 8. e4 fxe4 9. Ng5 0-0 10. Ncxe4 Rb8 11. a4 Bd7 12. Re1 Ng4 13. h3 Ne5 14. f4 Nc4 15. c3 h6 16. Nf3 b5 17. axb5 Bxb5 18. Nh4 Qb6 19. Nxg6 Rf7 20. Qh5 Re8 21. f5 Ne5 22. Bxh6 Bf6 23. Ng5 Bxg5 24. Qxg5 Kh7 25. Re4 Rg8 26. Rh4 Nxg6 27. Bf8+ 1-0

[Event "FRA-chT2 0910"]
[Site "France"]
[Date "2010.01.24"]
[Round "7.1"]
[White "David, Vincent"]
[Black "Gillet, Richard"]
[Result "1-0"]
[WhiteElo "2414"]
[BlackElo "2076"]
[PlyCount "49"]
[EventDate "2009.09.27"]
[EventType "team-tourn"]
[EventRounds "11"]
[EventCountry "FRA"]
[SourceTitle "EXT 2011"]
[Source "ChessBase"]
[SourceDate "2010.11.26"]
[SourceVersion "1"]
[SourceVersionDate "2010.11.26"]
[SourceQuality "1"]

1. d4 Nf6 2. c4 e6 3. Nf3 c5 4. d5 exd5 5. cxd5 d6 6. Nc3 g6 7. h3 Bg7 8. e4 0-0 9. Bd3 a6 10. a4 Re8 11. 0-0 Nbd7 12. Bf4 Qe7 13. Re1 Nh5 14. Bg5 Bf6 15. Be3 Ne5 16. Be2 Nxf3+ 17. Bxf3 Ng7 18. Qd2 h5 19. Be2 Bd7 20. Bd3 g5 21. e5 Bxe5 22. Bxg5 f6 23. Bf4 Qf8 24. Bg6 Red8 25. Bh6 1-0

[Event "FRA-chT2 0910"]
[Site "France"]
[Date "2009.12.12"]
[Round "5.1"]
[White "Jolly, Jean Francois"]
[Black "David, Vincent"]
[Result "0-1"]
[WhiteElo "2406"]
[BlackElo "2412"]
[PlyCount "62"]
[EventDate "2009.09.27"]
[EventType "team-tourn"]
[EventRounds "11"]
[EventCountry "FRA"]
[SourceTitle "EXT 2011"]
[Source "ChessBase"]
[SourceDate "2010.11.26"]
[SourceVersion "1"]
[SourceVersionDate "2010.11.26"]
[SourceQuality "1"]

1. d4 d5 2. c4 dxc4 3. e4 Nf6 4. e5 Nd5 5. Bxc4 Nb6 6. Bd3 Nc6 7. Ne2 Bg4 8. f3 Be6 9. Nbc3 Bc4 10. Be4 e6 11. Be3 Qd7 12. 0-0 0-0-0 13. b3 Ba6 14. a4 Nb4 15. Bg5 Be7 16. Bxe7 Qxe7 17. Nb5 Kb8 18. Qd2 Rd7 19. Rfc1 f5 20. Bb1 g5 21. Qe1 Nc8 22. Rc5 Nd5 23. Nec3 Nxc3 24. Qxc3 Rhd8 25. Bd3 c6 26. Bf1 cxb5 27. axb5 b6 28. Rxa6 bxc5 29. dxc5 Rd1 30. b4 Qd7 31. Rd6 Qxb5 0-1

[Event "Pornic op"]
[Site "Pornic"]
[Date "2009.08.??"]
[Round "3"]
[White "David, Vincent"]
[Black "Saucey, Capucine"]
[Result "1-0"]
[WhiteElo "2399"]
[BlackElo "1766"]
[PlyCount "44"]
[EventDate "2009.08.??"]
[EventType "swiss"]
[EventRounds "6"]
[EventCountry "FRA"]
[SourceTitle "EXT 2010"]
[Source "ChessBase"]
[SourceDate "2010.11.25"]
[SourceVersion "1"]
[SourceVersionDate "2010.11.25"]
[SourceQuality "1"]

1. d4 c5 2. d5 e5 3. e4 d6 4. Bb5+ Nd7 5. a4 Be7 6. Nf3 a6 7. Be2 Ngf6 8. Nc3 Nf8 9. Nd2 Ng6 10. Nc4 b6 11. h4 a5 12. g3 Ng4 13. Ne3 Nf6 14. b3 Bd7 15. f3 Qc8 16. Bd3 Qb7 17. Qe2 Kd8 18. Kf2 Kc7 19. Bd2 Rhb8 20. Rab1 Kd8 21. Nf5 Bxf5 22. exf5 Nf8 1-0

[Event "Pornic op"]
[Site "Pornic"]
[Date "2009.08.??"]
[Round "2"]
[White "Lebreton, Flavien"]
[Black "David, Vincent"]
[Result "0-1"]
[WhiteElo "2012"]
[BlackElo "2399"]
[PlyCount "190"]
[EventDate "2009.08.??"]
[EventType "swiss"]
[EventRounds "6"]
[EventCountry "FRA"]
[SourceTitle "EXT 2010"]
[Source "ChessBase"]
[SourceDate "2010.11.25"]
[SourceVersion "1"]
[SourceVersionDate "2010.11.25"]
[SourceQuality "1"]

1. d4 d5 2. c4 dxc4 3. Nc3 e5 4. Nf3 exd4 5. Qxd4 Qxd4 6. Nxd4 Bc5 7. Ndb5 Na6 8. Bf4 c6 9. Nd6+ Bxd6 10. Bxd6 Be6 11. e4 0-0-0 12. 0-0-0 Nf6 13. e5 Nd7 14. f4 f5 15. exf6 Nxf6 16. f5 Bf7 17. Be2 Rhe8 18. Bf3 h5 19. h3 Nc7 20. Bc5 b6 21. Rxd8+ Kxd8 22. Rd1+ Kc8 23. Bd4 Bd5 24. Nxd5 Ncxd5 25. Bxf6 Nxf6 26. Bxc6 Re5 27. g4 hxg4 28. hxg4 Kc7 29. Bf3 b5 30. Kc2 Re3 31. Rf1 b4 32. g5 Nd7 33. Bd5 Re2+ 34. Kd1 Rxb2 35. Bxc4 Rg2 36. f6 Rxg5 37. fxg7 Rxg7 38. Kc2 Rg8 39. Bb5 Nc5 40. Rf6 Rg2+ 41. Kc1 Ne4 42. Rc6+ Kb8 43. Rc2 Rg4 44. Kb2 Nc3 45. Rxc3 bxc3+ 46. Kxc3 Kc7 47. Bc4 Kb6 48. Kb4 Re4 49. a4 a5+ 50. Kc3 Kc5 51. Bb5 Re3+ 52. Kb2 Kb4 53. Kb1 Re7 54. Kc1 Kc3 55. Kb1 Rf7 56. Kc1 Rf6 57. Kb1 Rh6 58. Bd7 Rb6+ 59. Ka2 Rb2+ 60. Ka3 Rb3+ 61. Ka2 Kb4 62. Bb5 Rf3 63. Kb2 Rf2+ 64. Kb1 Kb3 65. Kc1 Rg2 66. Bd7 Rg1+ 67. Kd2 Kb2 68. Bb5 Rg6 69. Kd3 Rg3+ 70. Kd2 Rg1 71. Kd3 Rg8 72. Kd2 Rd8+ 73. Ke3 Kb3 74. Bc6 Rd6 75. Bb5 Kc2 76. Bc4 Kc3 77. Bb5 Re6+ 78. Kf3 Kb3 79. Kf4 Re7 80. Kf3 Kc3 81. Kf2 Kb4 82. Kf3 Kb3 83. Kf4 Ra7 84. Ke5 Ra8 85. Ke4 Ra7 86. Ke3 Kc2 87. Ke2 Re7+ 88. Kf3 Kd2 89. Bc4 Re3+ 90. Kf2 Re4 91. Bb5 Rf4+ 92. Kg3 Rf6 93. Kg4 Kc3 94. Kg3 Kb2 95. Kg4 Rf2 0-1

[Event "Pornic op"]
[Site "Pornic"]
[Date "2009.08.??"]
[Round "6"]
[White "Prie, Eric"]
[Black "David, Vincent"]
[Result "1/2-1/2"]
[WhiteElo "2491"]
[BlackElo "2399"]
[PlyCount "42"]
[EventDate "2009.08.??"]
[EventType "swiss"]
[EventRounds "6"]
[EventCountry "FRA"]
[SourceTitle "EXT 2010"]
[Source "ChessBase"]
[SourceDate "2010.11.25"]
[SourceVersion "1"]
[SourceVersionDate "2010.11.25"]
[SourceQuality "1"]

1. d4 e6 2. Bf4 Nf6 3. e3 c5 4. c3 b6 5. Nf3 Bb7 6. Nbd2 cxd4 7. cxd4 d6 8. Bd3 Nbd7 9. Qe2 Nd5 10. Bg5 Be7 11. Bxe7 Qxe7 12. Ba6 Bxa6 13. Qxa6 0-0 14. 0-0 Rfc8 15. Rfc1 Qd8 16. Ne4 N7f6 17. Rxc8 Qxc8 18. Qxc8+ Rxc8 19. Nxd6 Rc2 20. Ne5 a6 21. Ndxf7 Kf8 1/2-1/2

[Event "Saint Affrique op 17th"]
[Site "Saint Affrique"]
[Date "2009.07.23"]
[Round "7"]
[White "Vanderbeeken, Mikael"]
[Black "David, Vincent"]
[Result "0-1"]
[WhiteElo "2124"]
[BlackElo "2399"]
[PlyCount "112"]
[EventDate "2009.07.18"]
[EventType "swiss"]
[EventRounds "9"]
[EventCountry "FRA"]
[SourceTitle "EXT 2010"]
[Source "ChessBase"]
[SourceDate "2010.11.25"]
[SourceVersion "1"]
[SourceVersionDate "2010.11.25"]
[SourceQuality "1"]

1. e4 e6 2. d4 d5 3. Nc3 dxe4 4. Nxe4 Nd7 5. Nf3 Ngf6 6. Bg5 h6 7. Nxf6+ Nxf6 8. Bh4 c5 9. Ne5 Qa5+ 10. c3 cxd4 11. Qxd4 Bc5 12. Nc4 Bxd4 13. Nxa5 Bb6 14. Bb5+ Ke7 15. Nc4 Bc7 16. Nd2 a6 17. Be2 Rd8 18. 0-0-0 Bd7 19. Bf3 Rab8 20. Ne4 b6 21. Rhe1 a5 22. Nxf6 gxf6 23. Bg3 e5 24. Bf4 Be6 25. Bxh6 Rh8 26. Be3 Rxh2 27. b3 f5 28. g3 e4 29. Be2 b5 30. Rh1 Rxh1 31. Rxh1 Be5 32. Bg5+ Kd7 33. Kc2 Kc6 34. Be3 a4 35. Bf4 Bxf4 36. gxf4 axb3+ 37. axb3 Ra8 38. Kb2 Rg8 39. Rh2 Rg1 40. Kc2 Kb6 41. Kb2 Re1 42. Bh5 Kc5 43. Kc2 b4 44. c4 Kd4 45. Kd2 Rf1 46. Be2 Rxf2 47. Rxf2 e3+ 48. Ke1 exf2+ 49. Kxf2 Kc3 50. Ke3 Kxb3 51. c5 Kc3 52. c6 b3 53. c7 Bc8 54. Bd3 Kb2 55. Bc4 Kc2 56. Bxf7 b2 0-1

[Event "Condom op-A"]
[Site "Condom"]
[Date "2009.07.15"]
[Round "6"]
[White "Genov, Petar"]
[Black "David, Vincent"]
[Result "1/2-1/2"]
[WhiteElo "2478"]
[BlackElo "2399"]
[PlyCount "46"]
[EventDate "2009.07.11"]
[EventType "swiss"]
[EventRounds "9"]
[EventCountry "FRA"]
[SourceTitle "CBM 131 Extra"]
[Source "ChessBase"]
[SourceDate "2009.09.03"]
[SourceVersion "2"]
[SourceVersionDate "2009.09.16"]
[SourceQuality "1"]

1. c4 e6 2. Nc3 d5 3. d4 dxc4 4. e4 c5 5. d5 Nf6 6. Bxc4 exd5 7. Nxd5 Nxd5 8. Bxd5 Be7 9. Ne2 0-0 10. 0-0 Na6 11. Nc3 Qb6 12. Qe2 Be6 13. Bf4 Nb4 14. Rad1 Rfe8 15. Qb5 Nc6 16. Qxb6 axb6 17. Nb5 Bd8 18. Bg3 h5 19. h4 Ra4 20. Nd6 Rf8 21. Nxb7 Nd4 22. Rfe1 Ra7 23. Nxd8 Bxd5 1/2-1/2

[Event "Rochefort"]
[Site "Rochefort"]
[Date "2009.??.??"]
[Round "8"]
[White "David, Vincent"]
[Black "Bedouin, Xavier"]
[Result "1-0"]
[WhiteElo "2387"]
[BlackElo "2385"]
[PlyCount "61"]
[EventDate "2009.02.21"]
[EventType "tourn"]
[EventRounds "9"]
[EventCountry "FRA"]
[EventCategory "6"]
[SourceTitle "CBM 128 Extra"]
[Source "ChessBase"]
[SourceDate "2009.03.05"]
[SourceVersion "2"]
[SourceVersionDate "2009.03.25"]
[SourceQuality "1"]

1. d4 Nf6 2. c4 g6 3. Nf3 Bg7 4. g3 d5 5. cxd5 Nxd5 6. Bg2 Nb6 7. Nc3 Nc6 8. e3 e5 9. d5 Ne7 10. e4 Bg4 11. 0-0 0-0 12. a4 c6 13. a5 Nc4 14. Qb3 Nxa5 15. Qa2 b6 16. b4 Nb7 17. Bg5 c5 18. d6 Qxd6 19. Rfd1 Qc7 20. Nb5 Qc6 21. Bxe7 Qxb5 22. Bxf8 Bxf8 23. Qd5 Rb8 24. Nxe5 Be6 25. Qc6 Qxc6 26. Nxc6 Re8 27. Rxa7 Nd6 28. bxc5 bxc5 29. e5 Nb5 30. Ra5 Bb3 31. Rb1 1-0

[Event "Rochefort"]
[Site "Rochefort"]
[Date "2009.??.??"]
[Round "1"]
[White "David, Vincent"]
[Black "Geirnaert, Steven"]
[Result "1-0"]
[WhiteElo "2387"]
[BlackElo "2361"]
[PlyCount "75"]
[EventDate "2009.02.21"]
[EventType "tourn"]
[EventRounds "9"]
[EventCountry "FRA"]
[EventCategory "6"]
[SourceTitle "CBM 128 Extra"]
[Source "ChessBase"]
[SourceDate "2009.03.05"]
[SourceVersion "2"]
[SourceVersionDate "2009.03.25"]
[SourceQuality "1"]

1. d4 Nf6 2. c4 e6 3. Nf3 b6 4. g3 Ba6 5. Nbd2 Bb4 6. Qc2 Bb7 7. Bg2 Be4 8. Qb3 Bxd2+ 9. Bxd2 0-0 10. 0-0 d6 11. Rac1 Nbd7 12. Rfd1 Qe7 13. Qe3 Rfe8 14. Bc3 c6 15. b3 h6 16. Bb2 Rac8 17. Bh3 Bf5 18. Bg2 Be4 19. c5 bxc5 20. dxc5 d5 21. Qc3 e5 22. Bh3 d4 23. Qa5 g5 24. Nd2 Bd5 25. Nc4 g4 26. Bg2 Bxg2 27. Kxg2 Ne4 28. f3 gxf3+ 29. exf3 Nexc5 30. Ba3 e4 31. f4 e3 32. Rxd4 e2 33. Re1 Rb8 34. Nd6 Red8 35. Bxc5 Nxc5 36. Qxc5 Rb5 37. Qxc6 Rb6 38. Nf5 1-0

[Event "Rochefort"]
[Site "Rochefort"]
[Date "2009.??.??"]
[Round "5"]
[White "David, Vincent"]
[Black "Marholev, Dimitar"]
[Result "1/2-1/2"]
[WhiteElo "2387"]
[BlackElo "2449"]
[PlyCount "43"]
[EventDate "2009.02.21"]
[EventType "tourn"]
[EventRounds "9"]
[EventCountry "FRA"]
[EventCategory "6"]
[SourceTitle "CBM 128 Extra"]
[Source "ChessBase"]
[SourceDate "2009.03.05"]
[SourceVersion "2"]
[SourceVersionDate "2009.03.25"]
[SourceQuality "1"]

1. d4 Nf6 2. c4 g6 3. Nf3 Bg7 4. g3 c5 5. Bg2 cxd4 6. Nxd4 Nc6 7. 0-0 0-0 8. Nc3 Qb6 9. e3 d6 10. b3 Bg4 11. Qd2 a6 12. Bb2 Rac8 13. h3 Bd7 14. Rad1 Rfe8 15. Rfe1 Qa5 16. Nde2 b5 17. Nd5 Qxd2 18. Rxd2 Nxd5 19. cxd5 Nb4 20. Bxg7 Kxg7 21. Nd4 Rc3 22. Be4 1/2-1/2